00628cam a22002171 450000100070000000500170000700800410002401000170006504000180008204100080010008000150010808200150012310000070013810100080014524500380015350400320019190600450022394200120026899900170028095201130029727919520180213040405.0720420s1964 nyu b 001 0 eng  a 64011828  aDLCcDLCdDLC aeng a361.3 HOL 00a361.3 HOL 1 a50 aSOC10aCasework: a psychosocial therapy. aBibliography: p. [277]-289. a7bcbccorignewdueocipf19gy-gencatlg 2ddccBK c42355d42355 00102udc40708PËKGa002b002cPËKGd2018-02-13l0o361.3 HOLp002-2998099r2018-02-13w2018-02-13yBK